Alar rim cartilage graft in rhinoplasty / (رقم التسجيلة. 60606)

تفاصيل مارك
000 -LEADER
fixed length control field 01886cam a2200349 a 4500
003 - CONTROL NUMBER IDENTIFIER
control field EG-GiCUC
005 - DATE AND TIME OF LATEST TRANSACTION
control field 20250223031714.0
008 - FIXED-LENGTH DATA ELEMENTS--GENERAL INFORMATION
fixed length control field 170410s2016 ua h f m 000 0 eng d
040 ## - CATALOGING SOURCE
Original cataloging agency EG-GiCUC
Language of cataloging eng
Transcribing agency EG-GiCUC
041 0# - LANGUAGE CODE
Language code of text/sound track or separate title eng
049 ## - LOCAL HOLDINGS (OCLC)
Holding library Deposite
097 ## - Thesis Degree
Thesis Level M.Sc
099 ## - LOCAL FREE-TEXT CALL NUMBER (OCLC)
Classification number Cai01.11.14.M.Sc.2016.Ky.A
100 0# - MAIN ENTRY--PERSONAL NAME
Personal name Kyrillos Makarem Atteya
245 10 - TITLE STATEMENT
Title Alar rim cartilage graft in rhinoplasty /
Statement of responsibility, etc. Kyrillos Makarem Atteya ; Supervised Hisham Elminawi , Sameh Alnomany , Rasha Abdelkader
246 15 - VARYING FORM OF TITLE
Title proper/short title رقعة الغضروف الجناحى الحافى فى تجميل الأنف
260 ## - PUBLICATION, DISTRIBUTION, ETC.
Place of publication, distribution, etc. Cairo :
Name of publisher, distributor, etc. Kyrillos Makarem Atteya ,
Date of publication, distribution, etc. 2016
300 ## - PHYSICAL DESCRIPTION
Extent 120 P. :
Other physical details facsimiles ;
Dimensions 25cm
502 ## - DISSERTATION NOTE
Dissertation note Thesis (M.Sc.) - Cairo University - Faculty of Medicine - Department of General Surgery
520 ## - SUMMARY, ETC.
Summary, etc. The alar rim is an important aesthetic feature of the face and its surgery is one of the most interesting and challenging parts of rhinoplasty operation. Success in rhinoplasty surgery begins with a sound concept of beauty, symmetry, harmony, and proportion. Aim of work: The aim of this thesis is to evaluate and analyze the use of alar rim cartilage graft in the Egyptian nose and to state the indications, advantages, and disadvantages of the usage of these grafts. The current study included thirty Egyptian patients seeking rhinoplasty in 2015& 2016. The use of alar rim cartilage graft helped in the control of the alar dynamics and the aesthetic outcome was almost satisfactory
530 ## - ADDITIONAL PHYSICAL FORM AVAILABLE NOTE
Additional physical form available note Issued also as CD
653 #4 - INDEX TERM--UNCONTROLLED
Uncontrolled term Alar rim
653 #4 - INDEX TERM--UNCONTROLLED
Uncontrolled term Nose
653 #4 - INDEX TERM--UNCONTROLLED
Uncontrolled term Rhinoplasty
700 0# - ADDED ENTRY--PERSONAL NAME
Personal name Hisham Elminawi ,
Relator term
700 0# - ADDED ENTRY--PERSONAL NAME
Personal name Rasha Abdelkader ,
Relator term
700 0# - ADDED ENTRY--PERSONAL NAME
Personal name Sameh Alnomany ,
Relator term
856 ## - ELECTRONIC LOCATION AND ACCESS
Uniform Resource Identifier <a href="http://172.23.153.220/th.pdf">http://172.23.153.220/th.pdf</a>
905 ## - LOCAL DATA ELEMENT E, LDE (RLIN)
Cataloger Nazla
Reviser Revisor
905 ## - LOCAL DATA ELEMENT E, LDE (RLIN)
Cataloger Samia
Reviser Cataloger
942 ## - ADDED ENTRY ELEMENTS (KOHA)
Source of classification or shelving scheme Dewey Decimal Classification
Koha item type Thesis
المقتنيات
Source of classification or shelving scheme Not for loan Home library Current library Date acquired Full call number Barcode Date last seen Koha item type Copy number
Dewey Decimal Classification   المكتبة المركزبة الجديدة - جامعة القاهرة قاعة الرسائل الجامعية - الدور الاول 11.02.2024 Cai01.11.14.M.Sc.2016.Ky.A 01010110071537000 22.09.2023 Thesis  
Dewey Decimal Classification   المكتبة المركزبة الجديدة - جامعة القاهرة مخـــزن الرســائل الجـــامعية - البدروم 11.02.2024 Cai01.11.14.M.Sc.2016.Ky.A 01020110071537000 22.09.2023 CD - Rom 71537.CD
Cairo University Libraries Portal Implemented & Customized by: Eng. M. Mohamady Contacts: new-lib@cl.cu.edu.eg | cnul@cl.cu.edu.eg
CUCL logo CNUL logo
© All rights reserved — Cairo University Libraries
CUCL logo
Implemented & Customized by: Eng. M. Mohamady Contact: new-lib@cl.cu.edu.eg © All rights reserved — New Central Library
CNUL logo
Implemented & Customized by: Eng. M. Mohamady Contact: cnul@cl.cu.edu.eg © All rights reserved — Cairo National University Library